| 000 | 00464nam a2200181 a 4500 | ||
|---|---|---|---|
| 020 | _a0697241319 | ||
| 040 | _cDLC | ||
| 082 | _a370 BRO 1996 A016 Or. | ||
| 100 | 1 | _aSharp, Vicki F | |
| 245 | 1 | 0 | _aComputer education for teachers / |
| 250 | _a2nd ed | ||
| 260 |
_aMadison, Wis. : _bBrown & Benchmark, _cc1996 |
||
| 300 |
_axx, 438 p. : _bill. ; _c23 cm |
||
| 650 | 0 | _aEducation | |
| 650 | 0 | _aComputers | |
| 650 | 0 | _aComputer-assisted instruction | |
| 942 | _cEK | ||
| 999 |
_c11670 _d11670 |
||